| 000 | 00414 a2200157 4500 | ||
|---|---|---|---|
| 005 | 20250605131757.0 | ||
| 020 | _a978-0-367-27734-5 | ||
| 082 | _a658.5 NIC | ||
| 100 | _aNICHOLAUS J. | ||
| 245 | _aProject Management for Engineering, Business and Technology | ||
| 250 | _a6th Ed. | ||
| 260 |
_aLondon _bRoutledge _c2021 |
||
| 300 |
_axxi,732p.;ill.;table _bIndex _c24.5cm |
||
| 700 | _aHERMAN S. | ||
| 942 |
_2ddc _cBKS |
||
| 999 |
_c3228 _d3228 |
||